| 000 | 00856nam a2200265 4500 | ||
|---|---|---|---|
| 001 | 301174 | ||
| 003 | ARRUPE | ||
| 005 | 20150218173254.0 | ||
| 008 | 711001s1971 cau b 000 0 eng | ||
| 010 | _a 72159538 | ||
| 040 |
_aDLC _cDLC _dDLC |
||
| 050 | 0 | 0 |
_aQC174.12 _b.E86 1971 |
| 082 | 0 | 0 | _a530.1/2 |
| 100 | 1 |
_aEspagnat, Bernard d'. _913644 |
|
| 245 | 1 | 0 |
_aConceptual foundations of quantum mechanics. _cEspagnat, Bernard d'. |
| 260 |
_aMenlo Park, California _bW. A. Benjamin _c[1971] |
||
| 300 |
_axvii, 493 p. _c25 cm. |
||
| 490 | 0 | _aThe W. A. Benjamin mathematical physics monograph series | |
| 504 | _aIncludes bibliographies. | ||
| 650 | 0 |
_aQuantum theory. _915395 |
|
| 650 | 0 |
_aPhysical measurements. _915396 |
|
| 650 | 0 |
_aPhysics _xPhilosophy. _915397 |
|
| 906 |
_a7 _bcbc _corignew _d2 _encip _f19 _gy-gencatlg |
||
| 942 |
_2lcc _cMONOGRAPH |
||
| 999 |
_c122139 _d122139 |
||